| 000 | 00459cam a2200169ua 4500 | ||
|---|---|---|---|
| 020 | _a0-04-515002-8 | ||
| 041 |
_aeng _h |
||
| 082 |
_a511.062 _bDAV/NU |
||
| 100 | _aDavis, Graham de Vahl . | ||
| 245 |
_aNumerical methods in engineering and science / _cGraham de vahl Davis. _hTextual Documents |
||
| 250 |
_a1 / _b. |
||
| 260 |
_aLondon : _bGeorge Allen & Unwin Ltd , _c1986. |
||
| 300 | _a286 ; . | ||
| 504 | _a | ||
| 942 | _cBK | ||
| 999 |
_c10823 _d10823 |
||